فطر ی حيا تا تی تقليد ا ت (Record no. 87371)

MARC details
000 -LEADER
fixed length control field 01149nam a22002657a 4500
005 - DATE AND TIME OF LATEST TRANSACTION
control field 20141119120151.0
008 - FIXED-LENGTH DATA ELEMENTS--GENERAL INFORMATION
fixed length control field 140714b xxu||||| |||| 00| 0 Urdu d
010 ## - LCCN (DPL NO)
LC control number UR-127 B-548022-025
020 ## - INTERNATIONAL STANDARD BOOK NUMBER
International Standard Book Number 9789350732144
Terms of availability 150.00
035 ## - SYSTEM CONTROL NUMBER
System control number U-127 B-548022-025
037 ## - SOURCE OF ACQUISITION
Source of stock number/acquisition BPPD/Pub/Ven
037 ## - SOURCE OF ACQUISITION
Source of stock number/acquisition Pansy Books(Vend. /Edu. pub. House(Pub.)
040 ## - CATALOGING SOURCE
Original cataloging agency DPL
Language of cataloging Urdu
082 ## - DEWEY DECIMAL CLASSIFICATION NUMBER
Classification number 582
100 ## - MAIN ENTRY--PERSONAL NAME
Personal name ہا ر و ن يحيئ
245 ## - TITLE STATEMENT
Title فطر ی حيا تا تی تقليد ا ت
Statement of responsibility, etc ہا ر و ن يحيئ
246 ## - VARYING FORM OF TITLE
Title proper/short title Natural Biological Imitations
Remainder of title byHaroon Yahiya
260 ## - PUBLICATION, DISTRIBUTION, ETC. (IMPRINT)
Place of publication, distribution, etc د ھلی
Name of publisher, distributor, etc ا يجو کيشنل پبليشنگ ہا ؤس
Date of publication, distribution, etc 2013
260 ## - PUBLICATION, DISTRIBUTION, ETC. (IMPRINT)
Name of publisher, distributor, etc Pansy Books(Vender)
270 ## - ADDRESS
Address 3108،و کيل اسٹر يٹ ،کو چہ پنڈ ت ،لال کنو ا ن
City د ھلی
Postal code 110006
Telephone number 23216162،23214465
270 ## - ADDRESS
Address R2,/66/A Somesh Vihar,Chhawala
City New Delhi
Postal code 110071
Telephone number 01125317355
300 ## - PHYSICAL DESCRIPTION
Extent 140ص
Dimensions 22Cm (Hb)
942 ## - ADDED ENTRY ELEMENTS (KOHA)
Source of classification or shelving scheme Dewey Decimal Classification
Item type Urdu Bks
Edition
Classification part 582
Call number suffix ہ ا ر
Holdings
Withdrawn status Lost status Source of classification or shelving scheme Damaged status Not for loan Collection code Home library Current library Date acquired Source of acquisition Cost, normal purchase price Total Checkouts Full call number Barcode Date last seen Copy number Cost, replacement price Koha item type
    Dewey Decimal Classification     Non-fiction Central Library Central Library 19/11/2014 BPPD/UR/2014-15/125/01-08-2014/1469/14/08/2014/2/09/2014 150.00   582 ہ ا ر B-548022 19/11/2014 1 150.00 Urdu Bks
    Dewey Decimal Classification     Non-fiction Patel Nagar Patel Nagar 19/11/2014 BPPD/UR/2014-15/125/01-08-2014/1469/14/08/2014/2/09/2014 150.00   582 ہ ا ر B-548023 19/11/2014 1 150.00 Urdu Bks
    Dewey Decimal Classification     Non-fiction Sarojini Nagar Sarojini Nagar 19/11/2014 BPPD/UR/2014-15/125/01-08-2014/1469/14/08/2014/2/09/2014 150.00   582 ہ ا ر B-548024 19/11/2014 1 150.00 Urdu Bks
  Written-off vide DLB M. No. 383 dt 16.05.19 Dewey Decimal Classification     Non-fiction Shahdara Branch Shahdara Branch 19/11/2014 BPPD/UR/2014-15/125/01-08-2014/1469/14/08/2014/2/09/2014 150.00   582 ہ ا ر B-548025 19/11/2014 1 150.00 Urdu Bks

© Delhi Public Library
Hit Counter
free hit counter